[Event "7th RTU Open 2017"]
[Site "Riga"]
[Date "2017.08.10"]
[Round "6"]
[White "Berelowitsch, Alexander"]
[Black "Harsha Bharathakoti"]
[Result "1-0"]
[WhiteElo "2527"]
[BlackElo "2404"]
[Annotator "TA"]
[PlyCount "103"]
[EventDate "2017.??.??"]
[EventType "swiss"]
[EventCountry "LAT"]
[SourceTitle "playchess.com"]
[Source "ChessBase"]
[SourceQuality "1"]

{[%evp 20,103,25,16,66,70,83,65,70,72,329,72,87,80,83,81,88,65,106,42,46,44,44,21,30,39,31,0,57,51,81,66,65,77,88,60,87,50,78,77,77,77,77,65,58,69,81,53,90,92,112,87,116,97,97,70,269,241,281,300,379,379,345,232,250,257,239,243,247,239,276,217,237,225,250,232,550,550,635,622,616,584,29985,29986,29984,29985]} 1. e4 {[%cal Be2e4,Be4e5][%mdl 32]} e6 2. d4 d5 3. Nd2 Be7 4. Ngf3 Nf6 5. e5 Nfd7 6. Bd3 c5 7. c3 Nc6 8. O-O a5 9. a4 {C06: French Tarrasch: 3...Nf6 4 e5 Nfd7 5 Bd3 main lines} (9. Re1 cxd4 10. cxd4 Qb6 11. a4 Nxd4 12. Nxd4 Qxd4 13. Nf3 Qb6 14. Be3 Nc5 15. Bb5+ Bd7 16. Nd4 Bxb5 17. Nxb5 O-O 18. Qg4 Rfc8 {0-1 (33) Naroditsky,D (2631)-So,W (2779) ICC INT 2015}) 9... cxd4 10. cxd4 Qb6 11. Nb3 {LiveBook: 20 Games. White has an edge.} O-O 12. Ng5 $146 ({Predecessor:} 12. Re1 f5 13. exf6 Nxf6 14. h3 Bd7 15. Ne5 Nxe5 16. dxe5 Ng4 17. Be3 Nxe3 18. Rxe3 Bg5 19. Qh5 Bh6 20. g3 Rxf2 {0-1 (21) Mikheev,S (2315)-Geshelin,Y (2079) Wisla 2007}) 12... h6 13. Bh7+ Kh8 14. Bb1 {Qd3 is the strong threat.} g6 $2 {[%mdl 8192] [#]} (14... Bxg5 $16 {is a better defense.} 15. Bxg5 f5) 15. Nh3 $2 (15. Nxe6 $1 $18 {[%mdl 512] is the precise move to win.} fxe6 16. Bxg6) 15... Kg7 $16 16. Nf4 Rh8 17. Re1 Bg5 18. Ra3 Qd8 19. Qg4 (19. Na1 $16) 19... Nf8 $1 $14 20. Be3 h5 21. Qd1 Be7 22. Ra1 b6 23. Nd2 Bd7 ({Black should play} 23... Nxe5 $11 24. dxe5 d4) 24. g3 Rc8 25. h4 Nb4 26. Nf3 Qc7 27. Re2 Bc6 28. Rd2 Bb7 29. Ne2 Ba6 30. Nc3 Nh7 31. Qc1 Qd7 32. Kg2 Kf8 33. Qe1 Ke8 34. Rd1 Kd8 35. Qd2 Rc7 36. Ne1 Kc8 37. Nd3 Nxd3 $2 ({Black should try} 37... Kb7 $14) 38. Bxd3 $18 Bxd3 39. Qxd3 Kb7 40. Nb5 Rc6 41. Rac1 Rxc1 42. Rxc1 ({Don't do} 42. Bxc1 $6 Rc8 $16) 42... Rc8 43. Rxc8 Qxc8 44. b3 Qd7 45. Bh6 Kc8 46. Qf3 Bb4 47. Qf4 Kd8 $2 (47... Kb7 {is a better chance.} 48. Bg7 Qe8 49. Nd6+ Bxd6) 48. Bg7 Ke8 49. Qh6 Nf8 50. Qh8 f5 51. Bxf8 Bxf8 52. Nd6+ {Precision: White = 56%, Black = 30%.} 1-0

[Event "7th RTU Open 2017"]
[Site "Riga"]
[Date "2017.08.10"]
[Round "6"]
[White "Sulskis, Sarunas"]
[Black "Kryakvin, Dmitry"]
[Result "1/2-1/2"]
[WhiteElo "2519"]
[BlackElo "2583"]
[Annotator "TA"]
[PlyCount "97"]
[EventDate "2017.??.??"]
[EventType "swiss"]
[EventCountry "LAT"]
[SourceTitle "playchess.com"]
[Source "ChessBase"]
[SourceQuality "1"]

{[%evp 16,97,0,-3,19,7,13,8,41,5,22,22,46,12,29,31,35,31,31,29,32,27,31,29,29,31,29,39,35,32,19,7,7,7,7,7,22,0,13,14,16,19,20,5,19,5,19,8,6,7,10,0,0,0,0,0,0,0,0,0,0,0,0,0,0,0,0,0,0,0,0,0,0,0,0,0,0,0,0,0,0,0,0,0]} 1. e4 c5 2. Nf3 d6 3. d4 cxd4 4. Nxd4 Nf6 5. Nc3 Nc6 6. f4 e5 7. Nf3 Be7 8. Bc4 O-O 9. O-O exf4 {B56: Classical Sicilian: Unusual Lines} 10. Bxf4 Be6 11. Bb3 Na5 12. Nd4 Nxb3 13. axb3 a6 14. Kh1 $146 ({Predecessor:} 14. Nxe6 fxe6 15. Qd3 Qb6+ 16. Kh1 Rad8 17. Bg5 {½-½ (47) Lahtinen,M (2225)-Maki,V (2415) Helsinki 1990}) 14... Rc8 15. Qd3 Qd7 16. Na4 {Strongly threatening Nb6.} Bd8 17. Nxe6 Qxe6 18. Bxd6 {[#] Threatens to win with e5.} Be7 19. Bxe7 Qxe7 20. Nb6 Rce8 21. Nd5 Qxe4 22. Nxf6+ gxf6 23. Qg3+ {The position is equal.} Qg6 24. Qf3 Qxc2 25. Qxb7 Qxb2 26. Rab1 Qe2 27. Rxf6 Re6 28. Rff1 Qe4 29. Qa7 Qg6 30. Rbc1 Re2 {[%csl Ge2][%cal Rg6g2] [#]} 31. Qb7 Qe4 $132 {[%mdl 2048] Black puts up resistance} 32. Qxe4 Rxe4 $11 {[%mdl 4096] Endgame KRR-KRR} 33. Rc3 Re6 34. h3 Rfe8 35. Rff3 Kg7 36. Kh2 R8e7 37. Rc4 Re4 38. Rg3+ Kf8 39. Rcc3 R4e6 40. Rgf3 Kg7 41. Rc4 Re4 42. Kg3 (42. Rc6 {feels hotter.} R4e6 43. Rcc3 Rg6 44. Rc2 Rb6 45. Kg3) 42... Rxc4 43. bxc4 {KR-KR} a5 44. c5 Rc7 45. Rc3 a4 46. Kf4 a3 47. Rxa3 {Ra5 is the strong threat.} Rxc5 48. Ra6 h6 49. Ke4 {Precision: White = 56%, Black = 71%.} 1/2-1/2

[Event "7th RTU Open 2017"]
[Site "Riga"]
[Date "2017.08.10"]
[Round "6"]
[White "Lei, Tingjie"]
[Black "Kulaots, Kaido"]
[Result "1/2-1/2"]
[WhiteElo "2514"]
[BlackElo "2577"]
[Annotator "TA"]
[PlyCount "152"]
[EventDate "2017.??.??"]
[EventType "swiss"]
[EventCountry "LAT"]
[SourceTitle "playchess.com"]
[Source "ChessBase"]
[SourceQuality "1"]

{[%evp 24,152,54,45,54,39,63,65,65,34,54,43,47,0,38,-47,35,7,24,18,21,16,39,18,28,5,22,0,0,0,0,-80,-60,-116,-92,-114,-117,-100,-108,-106,-108,-100,-94,-99,-99,-97,-93,-85,-94,-236,-145,-232,-101,-101,-101,-101,-101,-102,-102,-102,-102,-102,-93,-98,0,-100,-35,-44,-35,-35,-35,-43,-35,-35,-35,-35,-9,-9,-9,-9,-8,-35,-35,-35,-35,-35,-8,-35,0,-35,0,-35,-35,-35,-35,-35,-35,-35,0,-35,-35,-35,-35,-35,-35,-35,-35,-35,-35,-35,0,-35,0,-35,-35,-35,-35,-35,-35,-35,-35,-35,-35,-35,-35,-35,0,0,0,-35,0]} 1. e4 c5 2. Nf3 e6 3. d4 cxd4 4. Nxd4 a6 5. Bd3 Bc5 6. Nb3 Be7 7. Qg4 g6 8. Qe2 d6 {B42: Sicilian: Kan Variation: 5 Bd3} 9. O-O Nd7 10. c4 (10. Nc3 Qc7 11. Be3 b6 12. a4 h5 13. f4 Ngf6 14. Bd4 O-O 15. f5 Ne5 16. fxg6 fxg6 17. h3 Nfd7 18. Rxf8+ Bxf8 19. Qe3 Bb7 20. Ne2 Re8 21. Nf4 Qd8 22. Nxg6 {1-0 (22) Nakamura,H (2789)-Markus,R (2662) Baku 2016}) 10... Qc7 11. f4 Ngf6 12. Nc3 b6 13. Be3 {LiveBook: 3 Games} O-O 14. Rac1 Re8 15. Nd2 Bb7 16. b4 $146 ({Find the theoretical novelty and annotate with similar games:} 16. b3) 16... Bf8 17. Nb3 Rac8 18. a4 Qb8 19. a5 ({Better is} 19. Nd2 $14) 19... bxa5 (19... d5 $15) 20. Nxa5 $14 Ba8 21. Rb1 Qc7 22. Rfc1 Rb8 23. h3 Bg7 24. Qf2 Nh5 25. Ne2 f5 26. exf5 exf5 27. c5 {[#]} (27. Rd1 $11) 27... dxc5 $1 $17 28. Bxa6 (28. Bxc5 $15 Nxc5 29. Qxc5) 28... Kh8 29. Bd3 Qd6 30. Rd1 Rxb4 31. Rbc1 {Strongly threatening Bxf5!} Qe7 $36 {[%mdl 2048] Black is in control.} 32. Nc4 Bc6 33. Ne5 Nxe5 34. fxe5 Qxe5 35. Bxc5 Rb2 {[%cal Rb2e2]} 36. Re1 {[#]} (36. Ba3 $17 Ra2 37. Rxc6 Rxa3 38. Rc5) 36... Ng3 $1 {[%mdl 512]} 37. Ba3 {[#]} (37. Bd4 $17 {was called for.} Nxe2+ 38. Rxe2 Qxd4 39. Rxc6 Rbxe2 40. Bxe2) (37. Nxg3 Rxf2) 37... Nxe2+ (37... Ra2 $1 $19 {[%cal Ra2a3] has better winning chances.} 38. Rxc6 Rxa3) 38. Bxe2 Rxe2 39. Rxe2 Qxe2 40. Qxe2 Rxe2 41. Rxc6 $19 {[%mdl 4096] Endgame KRB-KRB} Bd4+ 42. Kh2 Be5+ 43. Kg1 Bd4+ 44. Kh2 f4 ({Black should play} 44... g5 $17 45. Bc5 Be5+ 46. Kg1 Bg3 47. Bd4+ Kg8) 45. Rc4 Be3 46. Bc1 Bxc1 47. Rxc1 $15 {KR-KR} f3 48. Kg3 fxg2 {Threatens to win with ...Rc2!} 49. Kh2 Kg7 {And now ...Kh6 would win.} 50. Rc7+ Kh6 {...Ra2 is the strong threat.} 51. Ra7 g5 {White should prevent ...Rb2.} 52. Rb7 (52. h4 $5) 52... Kg6 53. Ra7 h5 54. Ra5 Kf6 55. Rb5 (55. h4 $5) 55... Kg6 56. Ra5 Kf6 57. Rb5 h4 {White must now prevent ...g4!} (57... g1=R+ $5 58. Kxg1 Re5 59. Rb6+ Re6 $15) 58. Rb4 Kf5 59. Ra4 Rd2 60. Rb4 Re2 {aiming for ...Ra2.} (60... Ra2 {with more complications.} 61. Rg4 Rf2 62. Ra4 Rc2 63. Ra5+ Kg6) 61. Ra4 g1=Q+ 62. Kxg1 Re4 (62... Re3 $5 {[%cal Re3h3]} 63. Kh2 Re2+ 64. Kg1 Re4 $15) 63. Ra3 Kf4 64. Kf2 Rb4 65. Rf3+ Ke4 66. Re3+ Kf4 67. Rf3+ Ke4 {( -> ...Rb2+)} (67... Ke5 {feels hotter.} 68. Kg1 Rb1+ 69. Rf1 Rb2 70. Re1+ Kf6) 68. Re3+ $1 Kf5 69. Ra3 Rb2+ 70. Kg1 Kf4 71. Ra4+ Kf3 72. Rg4 Rb5 73. Kh2 Re5 74. Kh1 $1 Re1+ 75. Kh2 Re2+ 76. Kh1 Re1+ {Precision: White = 59%, Black = 48%.} 1/2-1/2

[Event "7th RTU Open 2017"]
[Site "Riga"]
[Date "2017.08.10"]
[Round "6"]
[White "Valsecchi, Alessio"]
[Black "Saveliev, Alexei"]
[Result "1-0"]
[WhiteElo "2493"]
[BlackElo "2396"]
[Annotator "TA"]
[PlyCount "71"]
[EventDate "2017.??.??"]
[EventType "swiss"]
[EventCountry "LAT"]
[SourceTitle "playchess.com"]
[Source "ChessBase"]
[SourceQuality "1"]

{[%evp 18,71,-8,-8,72,0,10,-10,-12,-21,-12,-12,-20,-17,-15,-18,-20,-30,-15,-8,0,0,0,0,0,-23,0,-10,3,0,24,0,30,24,42,46,53,37,113,98,119,113,118,113,140,143,149,24,19,28,30,26,52,58,487,487]} 1. d4 Nf6 2. c4 e6 3. Nc3 Bb4 4. e3 O-O 5. Bd3 d5 6. cxd5 exd5 7. Nge2 Re8 8. Bd2 {E48: Nimzo-Indian: Rubinstein: 5 Bd3 d5 including 6 Ne2, but excluding 6 a3} a6 9. O-O Bd6 10. Rc1 {LiveBook: 25 Games. The position is equal.} Ng4 $146 (10... Nbd7 $11) ({Predecessor:} 10... b6 11. Ng3 c5 12. Bb1 Be6 13. dxc5 Bxc5 14. Nce2 Nbd7 15. Bc3 Bd6 16. Nd4 Rc8 {1-0 (32) Navara,D (2742)-Stefansson,H (2574) Baku 2016}) 11. g3 (11. Nf4 $1 $16) 11... Nf6 $11 12. f3 c5 13. dxc5 Bxc5 14. Nd4 Nc6 15. Nce2 Qb6 {[%cal Rc5d4]} 16. Rf2 Bd7 17. Nxc6 bxc6 18. Nd4 Bf8 19. b4 $1 Rab8 20. Rb1 Qa7 21. Qc1 Rec8 22. Bc3 {[%cal Bd2c3,Bc3d4,Bd4c5][%mdl 32]} Ne8 {[%cal Bf6e8,Be8d6,Bd6f5][%mdl 32]} (22... a5 $5 23. bxa5 c5 24. Rxb8 Rxb8 $11) 23. Rc2 $36 {[%mdl 2048] Black is under pressure.} Nd6 24. Nb3 Bf5 25. Bd4 Qe7 26. Bxf5 ({Much worse is} 26. Bxa6 Rc7 $15) 26... Nxf5 27. Bc5 ({Don't blunder} 27. Rxc6 $2 Rxc6 28. Qxc6 Nxd4 $19) 27... Qg5 ({Better is} 27... Qe8 $14) 28. e4 $1 $16 Qxc1+ 29. Rbxc1 dxe4 30. fxe4 Nd6 {[#]} 31. Bxd6 $1 Bxd6 32. Rxc6 (32. a3 $16) 32... Rxc6 $11 33. Rxc6 Bxb4 34. Rxa6 Re8 35. Ra4 Rxe4 $2 {[%mdl 8192] [#]} (35... Bd6 $14) 36. a3 $1 {Precision: White = 47%, Black = 33%.} 1-0

[Event "7th RTU Open 2017"]
[Site "Riga"]
[Date "2017.08.10"]
[Round "6"]
[White "Wan, Yunguo"]
[Black "Neiksans, Arturs"]
[Result "1-0"]
[WhiteElo "2482"]
[BlackElo "2582"]
[Annotator "TA"]
[PlyCount "47"]
[EventDate "2017.??.??"]
[EventType "swiss"]
[EventCountry "LAT"]
[SourceTitle "playchess.com"]
[Source "ChessBase"]
[SourceQuality "1"]

{[%evp 24,47,24,18,26,18,16,9,15,0,0,0,15,0,0,0,0,0,0,-1,11,0,9,0,16,-59]} 1. e4 e5 2. Nf3 Nc6 3. Bb5 {[%cal Bf1b5,Bb5a4,Ba4b3][%mdl 32]} a6 4. Ba4 Nf6 5. O-O Be7 6. Re1 b5 7. Bb3 d6 8. c3 O-O 9. h3 Bb7 10. d4 Nd7 11. Nbd2 {[%cal Bb1d2,Bd2f1,Bf1h2,Bh2f3][%mdl 32]} exd4 {C92: Closed Ruy Lopez: 9...Be6, Karpov and Flohr-Zaitsev Variations} 12. cxd4 Re8 13. Nf1 {LiveBook: 80 Games} Na5 14. Bc2 Bf6 {The position is equal.} 15. N1h2 c5 16. d5 Nc4 17. Rb1 $1 Nce5 18. Nxe5 Nxe5 ({But not} 18... dxe5 $6 19. Ng4 $16) 19. f4 Nd7 20. Nf3 g6 21. Be3 {[#]} Rc8 $146 ({Predecessor:} 21... Bg7 22. Bf2 a5 {½-½ (22) Acs,P (2599)-Erdos,V (2615) Hungary 2016}) 22. Kh1 Rc7 23. Bf2 c4 24. e5 {[%mdl 32768] Precision: White = 64%, Black = 63%. . Loss on Time!?} (24. a3 $11) 1-0

[Event "7th RTU Open 2017"]
[Site "Riga"]
[Date "2017.08.10"]
[Round "6"]
[White "Pavlov, Sergey"]
[Black "Meskovs, Nikita"]
[Result "1-0"]
[WhiteElo "2475"]
[BlackElo "2495"]
[Annotator "TA"]
[PlyCount "87"]
[EventDate "2017.??.??"]
[EventType "swiss"]
[EventCountry "LAT"]
[SourceTitle "playchess.com"]
[Source "ChessBase"]
[SourceQuality "1"]

{[%evp 10,87,-1,-1,31,33,33,29,18,-9,29,46,35,40,62,49,90,79,83,43,86,80,125,88,122,120,110,102,125,103,128,120,203,164,310,310,420,236,231,232,236,118,120,136,325,49,259,270,461,440,540,521,547,548,544,543,491,539,510,503,450,251,243,243,235,221,547,561,623,623,593,600,1081,1086,1034,1033,978,970,935,908]} 1. c4 e5 2. Nc3 Nc6 3. e3 Nf6 4. Nf3 Bb4 5. Qc2 O-O 6. Nd5 d6 {A28: English Opening: Four Knights Variation} (6... Re8 7. Ng5 h6 8. Nxf6+ Qxf6 9. Qh7+ Kf8 10. Ne4 Qg6 11. Qxg6 fxg6 12. Bd3 Be7 13. Nc3 Kf7 14. O-O g5 {½-½ (68) Kovalenko,I (2657)-Paichadze,L (2568) Minsk 2017}) 7. a3 Bc5 8. b4 Bb6 $1 {White has an edge.} 9. Bd3 (9. Ng5 $5 {[%cal Rd5f6]} g6 10. Nxf6+ Qxf6 11. Ne4 $11) 9... h6 10. Nxf6+ Qxf6 11. Bb2 a6 12. O-O $146 ({Predecessor:} 12. h4 Ne7 13. Ng5 Bf5 {1-0 (64) Timon Piote,S (2138)-Fernandez Otero,J (2075) La Coruna 1999}) 12... Ne7 13. c5 Ba7 14. Bh7+ Kh8 15. d4 Qe6 16. Bd3 exd4 17. Nxd4 Qd7 18. Rfd1 dxc5 19. bxc5 Qd5 20. Rac1 Qh5 {[#]} (20... c6 $16 21. Be2 f6) 21. Ne2 $1 $18 Bg4 (21... Nd5 $142 22. Be4 Ne7) 22. h3 Be6 23. Qc3 $40 {[%mdl 128] White wants a kill.} (23. Nf4 $142 Qg5 24. Be4) 23... f6 24. Nf4 Qf7 25. Be4 (25. Qb4 $18) 25... c6 $16 26. Rd6 Bc8 $2 (26... Nd5 $16 {keeps fighting.} 27. Bxd5 Bxd5) 27. Bf3 $2 (27. Rcd1 $18) 27... Bb8 $2 (27... Ng6 $1 $14) 28. Bh5 $18 Qg8 $2 (28... g6 {was worth a try.} 29. Rxf6 Qxf6 30. Qxf6+ Rxf6) 29. e4 b6 30. e5 fxe5 31. Qxe5 {White wants to mate with Rxh6+.} Nf5 {Threatening ...bxc5.} 32. Ng6+ Kh7 {White should prevent ...bxc5.} 33. Nxf8+ Qxf8 34. Bg6+ Kg8 35. Bxf5 (35. Qc3 $142 Bxd6 36. cxd6) 35... Bxf5 36. Qd4 Bxd6 37. cxd6 ({Worse is} 37. Qxd6 Qxd6 38. cxd6 Bd7 $11) 37... c5 $2 (37... Qf6 {is tougher.} 38. Qxb6 Qg6) 38. Qd5+ {White is clearly winning.} Kh7 {[#]} 39. Re1 $1 {[%cal Re1e7]} Ra7 {[#] Black hopes to continue with ...Qf7.} 40. Re7 $1 {[%mdl 512]} Rd7 (40... Rxe7 41. dxe7) 41. Bxg7 Qxe7 42. Qxf5+ Kxg7 43. dxe7 Rxe7 44. Qc8 {Precision: White = 64%, Black = 22%.} 1-0

[Event "7th RTU Open 2017"]
[Site "Riga"]
[Date "2017.08.10"]
[Round "6"]
[White "Shoker, Samy"]
[Black "Rakesh Kumar Jena"]
[Result "1-0"]
[WhiteElo "2472"]
[BlackElo "2394"]
[Annotator "TA"]
[PlyCount "49"]
[EventDate "2017.??.??"]
[EventType "swiss"]
[EventCountry "LAT"]
[SourceTitle "playchess.com"]
[Source "ChessBase"]
[SourceQuality "1"]

{[%evp 10,49,50,37,39,27,106,110,141,145,143,110,131,95,95,95,95,95,95,95,96,84,88,84,87,67,85,10,100,104,109,99,154,152,156,146,220,216,207,211,215,220]} 1. Nf3 c5 2. g3 Nc6 3. Bg2 Nf6 4. O-O e5 5. e4 (5. c4 d5 6. cxd5 Nxd5 7. Qa4 Nb6 8. Qc2 Be7 9. b3 Be6 10. Bb2 f6 11. d3 Rc8 12. Nbd2 Nd4 13. Qd1 Qd7 14. e3 Nxf3+ 15. Nxf3 {1-0 (46) Caruana,F (2808)-Karjakin,S (2781) Paris 2017}) 5... Nxe4 6. Re1 {LiveBook: 3 Games. A04: Unusual lines after 1 Nf3 and King's Indian Attack} Nf6 $1 7. Nxe5 Nxe5 $146 (7... Be7 $11) ({Predecessor:} 7... Be7 8. c3 Nxe5 9. Rxe5 O-O 10. d4 d6 11. Re1 d5 12. Bg5 Be6 {0-1 (56) Sigurjonsson,G (2475)-Alburt,L (2515) Wijk aan Zee 1980}) 8. d4 $16 {White is better.} d6 9. dxe5 dxe5 10. Rxe5+ Be6 11. Qe1 Bd6 12. Rxe6+ ({Worse is} 12. Bxb7 Bxe5 13. Bc6+ Kf8 $17) 12... fxe6 13. Bxb7 Rb8 14. Qxe6+ Qe7 15. Bc6+ Kf8 16. Qxe7+ Kxe7 17. Na3 Rhc8 18. Ba4 (18. Bb5 $16) 18... Rb4 (18... c4 $11 {keeps the balance.}) 19. Bb5 Re4 20. Be3 c4 {[#]} (20... Nd5 $142) 21. Ba6 $1 {[%cal Ra6c8] White is clearly better.} c3 {[#] And now ...Rc6 would win.} 22. b3 $1 (22. Bxc8 cxb2 23. Rb1 Bxa3 $15) 22... Rc6 (22... Rf8 $16) 23. Bb7 $18 Rxe3 24. Bxc6 Re2 25. Kf1 {Precision: White = 83%, Black = 52%.} 1-0

[Event "7th RTU Open 2017"]
[Site "Riga"]
[Date "2017.08.10"]
[Round "6"]
[White "Fedorovsky, Michael"]
[Black "Ghosh, Diptayan"]
[Result "1/2-1/2"]
[WhiteElo "2467"]
[BlackElo "2562"]
[Annotator "TA"]
[PlyCount "46"]
[EventDate "2017.??.??"]
[EventType "swiss"]
[EventCountry "LAT"]
[SourceTitle "playchess.com"]
[Source "ChessBase"]
[SourceQuality "1"]

{[%evp 19,46,0,0,0,6,0,0,0,0,0,0,0,0,0,0,0,0,0,2,0,0,-9,0,0,0,0,0,-16,-2]} 1. d4 Nf6 2. Nf3 e6 3. c4 b6 4. g3 Ba6 5. Qc2 c5 6. d5 {E15: Queen's Indian: 4 g3 sidelines, 4 g3 Ba6 and 4 g3 Bb7 early deviations} exd5 7. cxd5 Bb7 8. Bg2 Nxd5 9. Qb3 Nf6 10. Ne5 d5 {LiveBook: 16 Games. The position is equal.} 11. Nc3 Be7 12. Qa4+ Nbd7 13. Nc6 Bxc6 14. Qxc6 Rc8 {[#]} 15. Qb7 $146 O-O (15... Rc7 $5 16. Qa6 $8 Nb8 17. Qa4+ Qd7 $11) 16. Nxd5 Nxd5 17. Qxd5 Bf6 18. O-O Ne5 19. Qb7 Rc7 20. Qa6 Qc8 21. Qxc8 Rcxc8 22. Rb1 Rfd8 23. b3 c4 {Precision: White = 71%, Black = 84%.} 1/2-1/2

[Event "7th RTU Open 2017"]
[Site "Riga"]
[Date "2017.08.10"]
[Round "6"]
[White "Thybo, Jesper Sondergaard"]
[Black "Pultinevicius, Paulius"]
[Result "1-0"]
[WhiteElo "2464"]
[BlackElo "2389"]
[Annotator "TA"]
[PlyCount "69"]
[EventDate "2017.??.??"]
[EventType "swiss"]
[EventCountry "LAT"]
[SourceTitle "playchess.com"]
[Source "ChessBase"]
[SourceQuality "1"]

{[%evp 21,69,25,37,7,4,-16,1,0,-16,-67,40,44,39,30,49,66,58,56,55,32,37,39,45,19,52,62,71,71,123,135,139,153,149,170,523,148,519,529,502,286,334,247,255,248,1258,1521,1375,1367,1422,1306]} 1. Nf3 Nf6 2. c4 e6 3. g3 b6 4. Bg2 Bb7 5. O-O c5 6. Nc3 Be7 7. d4 cxd4 8. Qxd4 O-O 9. Rd1 d6 10. b3 Nbd7 11. Bb2 a6 {LiveBook: 369 Games} 12. Qf4 {A30: Symmetrical English: Double Fianchetto and Hedgehog} (12. Ng5 Bxg2 13. Kxg2 Rc8 14. Nce4 Rc6 15. Qd3 Re8 16. Nxf6+ Nxf6 17. Bxf6 Bxf6 18. Qxh7+ Kf8 19. Qe4 Rc5 20. Nh7+ Kg8 21. Nxf6+ Qxf6 {1-0 (39) Nakamura,H (2779)-Pantsulaia,L (2607) Doha 2016}) 12... Qb8 13. a4 (13. Ba3 $5 {[%cal Ra3d6]}) 13... Rc8 $146 ({Predecessor:} 13... d5 14. cxd5 Qxf4 15. gxf4 Nxd5 16. Nxd5 exd5 17. Ne5 Nf6 18. Rac1 Rac8 19. Bh3 Rxc1 20. Rxc1 {1-0 (53) Harutjunyan,G (2441)-Ivanov,V (2148) Khmelnitsky 2008}) 14. g4 {The position is equal.} Nc5 15. g5 (15. Nd2 $11) 15... Nfe4 (15... Nh5 $15 16. Qh4 Nxb3 17. Qxh5 Nxa1 18. Rxa1 Rxc4) 16. Nxe4 $14 Nxe4 17. h4 Nc5 18. b4 Nd7 $1 19. h5 $40 {[%mdl 128] Black needs to defend precisely.} Ra7 20. Qd4 {[%csl Gb2][%cal Rd4g7] [#]} (20. g6 $5 hxg6 21. hxg6 $14) 20... e5 $1 {[%cal Re5d4]} 21. Qg4 Nf8 22. Rac1 Bc6 23. Nh4 Bxg2 24. Nxg2 Ne6 (24... Re8 $142) 25. g6 $16 hxg6 26. hxg6 Bg5 27. Rc3 b5 $2 {[#]} (27... Re8 {is more resistant.} 28. Rcd3 Bf6) 28. Rf3 $2 (28. gxf7+ $18 Kxf7 29. Rf3+ Bf6 30. Nh4) 28... Bf6 $2 {[%mdl 8192]} (28... Re8 $16) 29. gxf7+ $18 Kxf7 30. Ne3 Nf4 31. Rxf4 exf4 32. Nf5 ({Not} 32. Qxf4 d5 $16) 32... Rh8 $2 (32... Rxc4 33. Nxd6+ Kf8) 33. Bxf6 {White is clearly winning.} Kxf6 34. Rxd6+ Ke5 35. Qg6 {Precision: White = 47%, Black = 33%.} 1-0

[Event "7th RTU Open 2017"]
[Site "Riga"]
[Date "2017.08.10"]
[Round "6"]
[White "Hambleton, Aman"]
[Black "Boruchovsky, Avital"]
[Result "1/2-1/2"]
[WhiteElo "2461"]
[BlackElo "2556"]
[Annotator "TA"]
[PlyCount "112"]
[EventDate "2017.??.??"]
[EventType "swiss"]
[EventCountry "LAT"]
[SourceTitle "playchess.com"]
[Source "ChessBase"]
[SourceQuality "1"]

{[%evp 9,112,78,73,61,75,67,90,96,93,82,78,67,69,56,65,48,80,64,74,68,97,100,120,71,77,85,87,77,77,75,75,74,72,78,84,54,66,35,92,64,78,78,96,34,31,10,52,35,44,47,85,85,76,79,92,96,101,98,93,79,69,51,42,33,37,29,31,0,0,0,0,-75,-75,-75,-75,-75,-75,-75,-75,-75,-34,-91,-8,-8,0,0,0,0,0,-8,-8,-8,-8,-8,-8,-8,-8,-8,-8,-14,-8,-14,-8,-8,-8]} 1. d4 e6 2. Bf4 g5 (2... Nf6 3. e3 d5 4. c4 Bd6 5. Bxd6 cxd6 6. Nc3 dxc4 7. Bxc4 O-O 8. Nf3 a6 9. O-O b5 10. Bd3 Bb7 11. Qe2 Nbd7 12. a4 {1-0 (44) Karjakin,S (2783)-Meier,G (2630) chess.com INT 2017}) 3. Be5 Nf6 4. h4 $146 ({Predecessor:} 4. e3 d6 5. Bxf6 Qxf6 6. Nc3 Bg7 7. Nf3 g4 8. Nd2 e5 9. Nde4 Qd8 10. dxe5 Bxe5 {0-1 (47) Grigoryan,M (2016)-Manakova,M (2254) Mamaia 2016}) 4... gxh4 5. Nf3 Bg7 6. e3 {[%mdl 1024] White has strong compensation. A40: Unusual replies to 1 d4} d6 7. Bf4 b6 8. Bb5+ {White is better.} Bd7 9. Bd3 Nc6 10. Rxh4 Qe7 11. Nc3 O-O-O 12. Qd2 h6 13. Bg3 h5 14. O-O-O Ng4 15. Rdh1 e5 16. d5 Nd4 17. Rxh5 ({Not} 17. exd4 Bh6 $17) 17... Nf5 18. Rxh8 Rxh8 19. Rxh8+ Bxh8 20. Bxf5 Bxf5 21. e4 Bd7 22. Qe2 Kb7 23. Kb1 Qf8 ({Better is} 23... f5 $14) 24. Nh4 Qh6 25. a4 a6 26. Qf3 (26. a5 $16) 26... Nf6 $14 27. Nf5 Qh7 (27... Bxf5 $5 28. exf5 Qh1+ 29. Ka2 Bg7 $11) 28. Ne3 Bg7 29. Ka2 b5 30. axb5 axb5 {Black wants to play ...b4.} 31. b4 Qh5 32. Qxh5 Nxh5 33. Bh4 Bh6 34. Nf5 Bd2 35. Ne2 Bxb4 36. g4 Nf4 37. Nxf4 exf4 {[%mdl 4096] Endgame KBB-KBN} 38. f3 Bc3 39. Kb3 b4 $1 40. Bd8 (40. Bf2 $11 {keeps the balance.}) 40... Bb5 $17 41. Bg5 Be2 42. Nh4 Ka6 43. Bxf4 Kb5 {[%csl Gb5][%cal Re2c4] [#]} 44. Ka2 Ka4 45. g5 ({White should play} 45. Bg5 $15) 45... Bd1 (45... Be1 $17 46. g6 fxg6) 46. Kb1 $11 {The position is equal.} b3 47. cxb3+ Kxb3 {[#] ( -> ...Bb2)} 48. Kc1 $1 {[%cal Rc1d1]} Be2 49. g6 $132 {[%mdl 2048] White puts up resistance} fxg6 50. Nxg6 Bxf3 51. e5 Bb4 52. exd6 cxd6 53. Ne7 Bg4 54. Nc6 Bc5 55. Kd2 Ka4 (55... Kc4 $5 {[%cal Rc4d5]}) 56. Nd8 Bf3 {Precision: White = 59%, Black = 51%.} 1/2-1/2